Persian lions, Persian lambs : a American's odyssey in Iran /

Bibliographic Details
Main Author: Harnack, Curtis, 1927-2013
Format: Book
Language:English
Published: Ames, Iowa : Iowa State University Press, [1981]
Edition:1st ed.
Subjects:

MARC

Tag First Indicator Second Indicator Subfields
LEADER 00000pam a2200000 a 4500
001 in00000095476
005 20150923173603.0
008 810601s1981 iaub 00010aeng
010 |a  81008323  
020 |a 0813813360 
035 |a (OCoLC)07577317 
035 |9 AAK8117AM 
039 0 |a 2  |b 3  |c 3  |d 3  |e 3 
040 |a DLC  |c DLC  |d TXA  |d UtOrBLW 
043 |a a-ir--- 
049 |a TXAM  |c [952451] 
050 0 0 |a DS259  |b  H37 1981 
082 0 |a 955/.053  |2 19 
100 1 |a Harnack, Curtis,  |d 1927-2013. 
245 1 0 |a Persian lions, Persian lambs :  |b a American's odyssey in Iran /  |c by Curtis Harnack ; [map by Linda M. Emmerson]. 
250 |a 1st ed. 
264 1 |a Ames, Iowa :  |b Iowa State University Press,  |c [1981] 
264 4 |c ©1981 
300 |a viii, 279 pages :  |b map ;  |c 21 cm. 
336 |a text  |b txt  |2 rdacontent 
337 |a unmediated  |b n  |2 rdamedia 
338 |a volume  |b nc  |2 rdacarrier 
600 1 0 |a Harnack, Curtis,  |d 1927-2013. 
650 0 |a Education  |z Iran. 
651 0 |a Iran  |x Description and travel. 
999 |a MARS 
999 f f |s 931b5a44-6513-3372-ace1-410e18beaf75  |i 874958d8-27e6-35de-b9c0-4bcfd748710b  |t 0 
952 f f |p ric  |a Texas A&M University  |b Rellis Campus  |c Joint Library Facility  |d Remote Storage  |t 0  |e DS259 H37 1981  |h Library of Congress classification  |i unmediated -- volume  |m A14806022269 
998 f f |a DS259 H37 1981  |t 0  |l Remote Storage